| 000 | 01184nam a2200301 4500 | ||
|---|---|---|---|
| 003 | EC-UNACH | ||
| 005 | 20251106142248.0 | ||
| 006 | s||||gr|||| 00| 00 | ||
| 008 | 150116t9999 mx r gr 000 0 spa d | ||
| 020 | _a978-9978-67-392-8 | ||
| 040 |
_aEC-UNACH _cEC-UNACH |
||
| 041 | _aspa | ||
| 082 | 0 | 4 |
_223 _a302.2 _bL017956 |
| 110 | _aFlacso | ||
| 245 | _aLos lugares del hábitat y la inclusión | ||
| 250 | _aPrimera edición | ||
| 264 |
_aEcuador _bFlacso _c2013 |
||
| 300 | _a607 | ||
| 505 | _aCapitulo 1- Informalidad incidente en Brasil y México.-- Capitulo 2- Dimensiones de la exclusión.--Capitulo 3- Habitantes productores de hábitat y vivienda.--Capitulo 4- Política públicas de vivienda en cuatro países de Latinoamérica.-- Capitulo 5- Visiones panorámica y reconocimientos ( parte 1 ) - - Capitulo 6- Visiones panorámica y reconocimientos ( parte 2) - - Anexos | ||
| 650 | _aPLANIFICACIÓN | ||
| 650 | _aPOLITICAS PUBLICAS | ||
| 650 | _aPLANIFICACIÓN | ||
| 700 | _aTeolinda Bolívar y Jaime Erazo Espinosa. | ||
| 942 |
_2ddc _c1 |
||
| 999 | _c14152 | ||